000 00570nam a2200229Ia 4500
003 OSt
005 20220924152728.0
006 a|||||r|||| 00| 0
007 ta
008 220923b |||||||| |||| 00| 0 guj d
024 _a344202
037 _cTextual
040 _aARTS
_cARTS
_bguj
041 _2guj
_aguj
082 _aO15,2D40,1, 156J3
100 _aKalidas
245 0 _aShakuntalanu sambharanu
260 _c1953
650 _aSANSKRIT LITERATURE
942 _hO15,2D40,1, 156J3
_cTEXL
_2CC
999 _c470828
_d470828